00293 2200133 4500001002100000005001500021035002000036245004200056300000700098260002200105082000800127084001200135990001200147INLIS00000000000220720250527013748 a0010-0525000499 aDrama Ruang Angkasa /cChris Woodford a32 bPakar Raya,c2007 a520 a520 DRA a0713258